000 00757nam a22002417a 4500
003 PILC
005 20151021092445.0
008 130318t xxu||||| |||| 00| 0 eng d
020 _a9780812091908
050 _aGV 1548
_b.Ox966 1995
082 _aGS 793.8
_b Ox4m 1994
100 _aOxlade,Chris
_913052
245 _aScience magic with magnets /
_cChris Oxlade
250 _a1st ed. for the U.S., Canada, and the Philippines
260 _aHauppauge, NY
_bBarron's
_cc1995.
300 _a29 p. :
_bcol. ill. ;
_c27 cm.
650 _aConjuring
_xJuvenile literature
_914031
650 _aForce and energy
_xJuvenile literature
_914032
650 _aScientific recreation
_914019
650 _aForce and energy
_914020
942 _2lcc
_cBK
999 _c2446
_d2446